Le pèlerin du silence / (Record no. 154698)

MARC details
000 -LEADER
campo de control de longitud fija 00611nam a22001695i 4500
001 - NÚMERO DE CONTROL
campo de control 154698
003 - IDENTIFICADOR DE NÚMERO DE CONTROL
campo de control ES-MaACL
005 - FECHA Y HORA DE LA ÚLTIMA TRANSACCIÓN
campo de control 20230906205824.0
008 - DATOS DE LONGITUD FIJA--INFORMACIÓN GENERAL
campo de control de longitud fija 040708s1896 fr a |||| | fre d
040 ## - FUENTE DE CATALOGACIÓN
Centro catalogador/agencia de origen CAM
Lengua de catalogación spa
Centro/agencia transcriptor CAM
100 1# - ENTRADA PRINCIPAL--NOMBRE DE PERSONA
Nombre de persona Gourmont, Rémy de (
Fechas asociadas al nombre 1858-1916)
9 (RLIN) 59362
245 13 - MENCIÓN DEL TÍTULO
Título Le pèlerin du silence /
Mención de responsabilidad, etc. Remy de Gourmont ; orné d'un frontispice d'Armand Seguin.
260 ## - PUBLICACIÓN, DISTRIBUCIÓN, ETC.
Lugar de publicación, distribución, etc. Paris :
Nombre del editor, distribuidor, etc. Société du Mercure de France,
Fecha de publicación, distribución, etc. 1896 (
Fabricante Imprimerie ve. Albouy)
300 ## - DESCRIPCIÓN FÍSICA
Extensión 284 p. ;
Dimensiones 18 cm.
700 1# - ENTRADA AGREGADA--NOMBRE PERSONAL
Nombre de persona Seguin, Armand.
9 (RLIN) 156843
852 ## - LOCALIZACIÓN
Ubicación ES-MaACL
Número de control de estantería D-1470
Nota libre -- Enc. hol. conservando la cub. original
Holdings
Estatus retirado Estado de pérdida Estado de daño No para préstamo Colección Biblioteca de origen Biblioteca actual Ubicación en estantería Fecha de adquisición Fuente de adquisición Total de préstamos Signatura topográfica completa Código de barras Visto por última vez Precio de reemplazo Tipo de ítem Koha
        Libros del s. XIX Biblioteca del Ateneo de Madrid Biblioteca del Ateneo de Madrid Sala Valle Inclán 17/01/2008     D-1470 901161803 23/02/2023 23/02/2023 Libro impreso antiguo